Song Title to Artist Click Quiz - Music Nerd Edition - Statistics

General Stats
  • This quiz has been taken 223 times
  • The average score is 7 of 15
Answer Stats
Hint Answer % Correct
Paranoid Android Radiohead
92%
Heaven Knows I'm Miserable Now The Smiths
75%
In the Aeroplane Over the Sea
Neutral Milk Hotel
61%
21st Century Schizoid Man King Crimson
47%
Teen Age Riot Sonic Youth
47%
Xtal Aphex Twin
42%
Between the Bars Elliott Smith
42%
Dance Yrself Clean LCD Soundsystem
41%
Rebellion (Lies) Arcade Fire
39%
When the Sun Hits Slowdive
39%
Meat Grinder Madvillain
37%
Beach Life-in-Death Car Seat Headrest
35%
Jesus, Etc. Wilco
34%
When You Sleep my bloody valentine
33%
Good Morning, Captain Slint
23%
No matching quizzes found
Score Distribution
Percent of People with Each Score
Percentile by Number Answered
Your Score History
You have not taken this quiz